[Event "American Continental 10th"]
[Site "Praia da Pipa"]
[Date "2014.10.24"]
[Round "9"]
[White "Ferreira, Jose Carlos"]
[Black "Dantas, Rhuan de Araujo"]
[Result "1-0"]
[WhiteElo "1884"]
[BlackElo "1719"]
[PlyCount "65"]
[EventDate "2014.10.18"]
[EventType "swiss"]
[EventRounds "11"]
[EventCountry "BRA"]
[SourceTitle "EXT 2015"]
[Source "ChessBase"]
[SourceDate "2014.11.20"]
[SourceVersion "1"]
[SourceVersionDate "2014.11.20"]
[SourceQuality "1"]

1. d4 Nf6 2. c4 e6 3. e3 d5 4. cxd5 exd5 5. Bd3 Be7 6. Ne2 0-0 7. 0-0 b6 8. Nbc3 Bb7 9. Nf4 c5 10. Re1 Nc6 11. dxc5 bxc5 12. Nfxd5 Ne5 13. Nxf6+ Bxf6 14. Bc2 Qb6 15. Be4 Rad8 16. Qc2 g6 17. Rb1 Bxe4 18. Nxe4 Nd3 19. Nxf6+ Qxf6 20. Rf1 Rd5 21. Bd2 Ne5 22. f3 Rfd8 23. Bc3 Qb6 24. Bxe5 Rxe5 25. e4 c4+ 26. Kh1 Qe3 27. Rbd1 Rb8 28. Rd7 Qc5 29. Rfd1 Re6 30. Qc3 Qb6 31. h3 Qxb2 32. Rd8+ Re8 33. Rxe8+ 1-0

[Event "American Continental 10th"]
[Site "Praia da Pipa"]
[Date "2014.10.23"]
[Round "8"]
[White "Dantas, Rhuan de Araujo"]
[Black "Rapouso, Ricardo Luis Borba"]
[Result "0-1"]
[WhiteElo "1719"]
[BlackElo "1934"]
[PlyCount "87"]
[EventDate "2014.10.18"]
[EventType "swiss"]
[EventRounds "11"]
[EventCountry "BRA"]
[SourceTitle "EXT 2015"]
[Source "ChessBase"]
[SourceDate "2014.11.20"]
[SourceVersion "1"]
[SourceVersionDate "2014.11.20"]
[SourceQuality "1"]

1. e4 c5 2. Nf3 g6 3. Nc3 Bg7 4. Bc4 e6 5. 0-0 a6 6. a4 Nc6 7. d3 Nge7 8. Re1 0-0 9. Bg5 f6 10. Be3 d5 11. exd5 exd5 12. Ba2 b6 13. Qd2 Nb4 14. Bf4 Nxa2 15. Rxa2 Nf5 16. d4 g5 17. Bg3 g4 18. Nh4 Nxd4 19. Ne2 Nxe2+ 20. Rxe2 f5 21. f4 d4 22. Ra1 Bf6 23. Qe1 Ra7 24. Bf2 Rg7 25. g3 Bxh4 26. gxh4 g3 27. Bxg3 Qxh4 28. Kf2 Qf6 29. Qh1 Bb7 30. Qf1 Be4 31. Rd2 h5 32. Qh3 h4 33. Bxh4 Qh6 34. Qb3+ Kh8 35. Bg3 Rxg3 36. Qxg3 Rg8 37. Qxg8+ Kxg8 38. Rg1+ Kf7 39. Kg3 c4 40. h4 d3 41. cxd3 Bxd3 42. b3 Qg7+ 43. Kf2 Qd4+ 44. Kg2 0-1

[Event "American Continental 10th"]
[Site "Praia da Pipa"]
[Date "2014.10.20"]
[Round "4"]
[White "Scardini, Leonardo"]
[Black "Dantas, Rhuan de Araujo"]
[Result "0-1"]
[WhiteElo "1522"]
[BlackElo "1719"]
[PlyCount "86"]
[EventDate "2014.10.18"]
[EventType "swiss"]
[EventRounds "11"]
[EventCountry "BRA"]
[SourceTitle "EXT 2015"]
[Source "ChessBase"]
[SourceDate "2014.11.20"]
[SourceVersion "1"]
[SourceVersionDate "2014.11.20"]
[SourceQuality "1"]

1. d4 Nf6 2. c4 e6 3. Nf3 d5 4. Nc3 Be7 5. Bf4 c6 6. e3 0-0 7. Qc2 Nbd7 8. h3 dxc4 9. Bxc4 Nd5 10. Nxd5 exd5 11. Bd3 Nf6 12. 0-0 Bd6 13. Bxd6 Qxd6 14. Rac1 h6 15. a3 Re8 16. Rfe1 Ne4 17. Nd2 f5 18. Nf1 g6 19. f3 Ng3 20. Qf2 Nxf1 21. Kxf1 Kg7 22. Kg1 Bd7 23. b4 a5 24. Qb2 axb4 25. axb4 Ra4 26. Rb1 Rea8 27. Qc3 Ra2 28. e4 fxe4 29. fxe4 Qg3 30. Rb2 Rxb2 31. Qxb2 Qxe1+ 32. Kh2 dxe4 33. d5+ Kf7 34. Qe5 Ra1 35. Bxe4 Qg1+ 36. Kg3 Ra3+ 37. Bf3 Qe3 38. Qc7 Qg5+ 39. Kh2 Qe7 40. Qf4+ Kg7 41. d6 Qf6 42. Qd2 Qe5+ 43. Kg1 Qe3+ 0-1

[Event "Carvalho Memorial op 9th"]
[Site "Juazeiro do Norte"]
[Date "2014.09.20"]
[Round "4"]
[White "Gomes, Jose Murilo"]
[Black "Dantas, Rhuan de Araujo"]
[Result "1-0"]
[WhiteElo "1871"]
[BlackElo "1721"]
[PlyCount "109"]
[EventDate "2014.09.19"]
[EventType "swiss"]
[EventRounds "6"]
[EventCountry "BRA"]
[SourceTitle "CBM 162 Extra"]
[Source "ChessBase"]
[SourceDate "2014.10.17"]
[SourceVersion "1"]
[SourceVersionDate "2014.10.17"]
[SourceQuality "1"]

1. e4 e5 2. Nf3 Nc6 3. d4 exd4 4. Nxd4 Nf6 5. Nxc6 bxc6 6. e5 Qe7 7. Qe2 Nd5 8. c4 Ba6 9. b3 g6 10. Bb2 Bg7 11. g3 0-0 12. Bg2 Rae8 13. 0-0 Bxe5 14. Qd2 Bxb2 15. Qxb2 Qf6 16. Qxf6 Nxf6 17. Rd1 Re5 18. Nc3 Rd8 19. Bxc6 Rc5 20. Bg2 Re5 21. Rd2 Rde8 22. Bf3 d6 23. Kg2 h5 24. Re2 g5 25. Rae1 g4 26. Bc6 Rxe2 27. Rxe2 Rxe2 28. Nxe2 Bc8 29. Nd4 a6 30. b4 Kf8 31. b5 Ke7 32. a4 axb5 33. cxb5 Nd7 34. a5 Nb8 35. Bd5 c5 36. Nc6+ Nxc6 37. Bxc6 Kd8 38. a6 Kc7 39. a7 Bb7 40. a8Q Bxa8 41. Bxa8 c4 42. Kf1 Kb6 43. Bc6 Kc5 44. Ke1 d5 45. Kd2 d4 46. Be8 f6 47. Bxh5 Kxb5 48. Bxg4 Kb4 49. Bf5 Kb3 50. Bc2+ Kb2 51. h4 c3+ 52. Kd3 f5 53. h5 f4 54. h6 fxg3 55. fxg3 1-0

[Event "Recife Arraes Memorial 7th"]
[Site "Recife"]
[Date "2014.08.31"]
[Round "6"]
[White "Dos Anjos, Avner Augusto"]
[Black "Dantas, Rhuan de Araujo"]
[Result "1-0"]
[WhiteElo "1873"]
[BlackElo "1646"]
[PlyCount "71"]
[EventDate "2014.08.29"]
[EventType "swiss"]
[EventRounds "6"]
[EventCountry "BRA"]
[SourceTitle "EXT 2015"]
[Source "ChessBase"]
[SourceDate "2014.11.20"]
[SourceVersion "1"]
[SourceVersionDate "2014.11.20"]
[SourceQuality "1"]

1. d4 Nf6 2. c4 e6 3. Nf3 d5 4. Nc3 c5 5. e3 Nc6 6. Bd3 Be7 7. 0-0 0-0 8. a3 b6 9. Re1 Bb7 10. cxd5 exd5 11. Ne2 cxd4 12. exd4 Bd6 13. Bg5 h6 14. Bh4 g5 15. Bg3 Ne4 16. Be5 Nxe5 17. dxe5 Bc5 18. Nfd4 g4 19. b4 Bxd4 20. Nxd4 Qg5 21. e6 Rfe8 22. exf7+ Kxf7 23. Nb5 Rad8 24. f3 gxf3 25. Qxf3+ Qf6 26. Qh5+ Kg7 27. Rf1 Re5 28. Qh3 Qg6 29. Rac1 Rh5 30. Rc7+ Kh8 31. Qf3 Bc8 32. Bxe4 dxe4 33. Qf8+ Rxf8 34. Rxf8+ Qg8 35. Rxg8+ Kxg8 36. Rxc8+ 1-0

[Event "Recife Arraes Memorial 7th"]
[Site "Recife"]
[Date "2014.08.30"]
[Round "4"]
[White "Akasaka, Eduardo"]
[Black "Dantas, Rhuan de Araujo"]
[Result "0-1"]
[WhiteElo "1574"]
[BlackElo "1646"]
[PlyCount "138"]
[EventDate "2014.08.29"]
[EventType "swiss"]
[EventRounds "6"]
[EventCountry "BRA"]
[SourceTitle "EXT 2015"]
[Source "ChessBase"]
[SourceDate "2014.11.20"]
[SourceVersion "1"]
[SourceVersionDate "2014.11.20"]
[SourceQuality "1"]

1. d4 Nf6 2. e3 g6 3. Bd3 Bg7 4. f4 d6 5. Nf3 c5 6. c3 cxd4 7. cxd4 0-0 8. 0-0 Nc6 9. a3 Qb6 10. b4 d5 11. Nc3 Qd8 12. Ne5 Bd7 13. Qf3 e6 14. Rb1 Rc8 15. Bd2 Ne8 16. b5 Ne7 17. a4 f5 18. Nxd7 Qxd7 19. h4 Nf6 20. Ne2 Ne4 21. Bxe4 dxe4 22. Qh3 Rc2 23. Rbd1 Nd5 24. h5 gxh5 25. Qxh5 Rf6 26. Qh4 Nxe3 27. Bxe3 Rxe2 28. Bc1 Rg6 29. Rf2 Rxf2 30. Qxf2 Qd5 31. Be3 Qb3 32. Ra1 Bf8 33. Qe2 Ba3 34. a5 Qb2 35. Qxb2 Bxb2 36. Ra2 Bc3 37. Kf2 Rg7 38. a6 b6 39. Rc2 Bb4 40. Rc8+ Kf7 41. Rc7+ Kf6 42. Rc6 Ke7 43. Rc7+ Kf8 44. Rc6 Ke7 45. Rc7+ Kf8 46. Rc8+ Ke7 47. Rc2 Kd8 48. Kf1 Rc7 49. Rb2 Bd6 50. Kf2 Rc4 51. Rb3 Rb4 52. Rxb4 Bxb4 53. Ke2 Ke7 54. Kd1 Kd6 55. Kc2 Kd5 56. Kb3 Be7 57. Kc3 h5 58. Kb3 Bh4 59. Kc3 Be1+ 60. Kb3 Bg3 61. Bg1 Bxf4 62. Kb4 e3 63. g3 e2 64. Bf2 Be3 65. Be1 Kxd4 66. Kb3 Kd3 67. Kb2 Bd2 68. Bf2 e1Q 69. Bxe1 Bxe1 0-1

[Event "Recife Arraes Memorial 7th"]
[Site "Recife"]
[Date "2014.08.29"]
[Round "1"]
[White "Dantas, Rhuan de Araujo"]
[Black "Fiaes, Mario Henrique"]
[Result "0-1"]
[WhiteElo "1646"]
[BlackElo "2072"]
[PlyCount "82"]
[EventDate "2014.08.29"]
[EventType "swiss"]
[EventRounds "6"]
[EventCountry "BRA"]
[SourceTitle "EXT 2015"]
[Source "ChessBase"]
[SourceDate "2014.11.20"]
[SourceVersion "1"]
[SourceVersionDate "2014.11.20"]
[SourceQuality "1"]

1. e4 c5 2. Nf3 Nf6 3. Nc3 d5 4. e5 Ne4 5. Bb5+ Nc6 6. d3 Nxc3 7. bxc3 Bd7 8. Bxc6 Bxc6 9. d4 e6 10. 0-0 Be7 11. Be3 Qa5 12. Qd2 0-0 13. Rfd1 Rac8 14. Ne1 Ba4 15. a3 Rc7 16. g4 cxd4 17. cxd4 Qxd2 18. Rxd2 Rfc8 19. Ra2 Rc3 20. Rd3 Rxd3 21. cxd3 Rc3 22. f4 Rxa3 23. Rf2 b5 24. f5 Ra1 25. Rf1 b4 26. f6 gxf6 27. exf6 Bd6 28. Nf3 Rxf1+ 29. Kxf1 Bd1 30. Ne5 a5 31. Ke1 Bb3 32. Kd2 a4 33. Kc1 Ba2 34. Kb2 Bb3 35. h4 Bd1 36. Bh6 a3+ 37. Ka1 Bxe5 38. dxe5 b3 39. d4 Bxg4 40. Bd2 b2+ 41. Ka2 Bf5 0-1

[Event "Joao Pessoa-ch"]
[Site "Joao Pessoa"]
[Date "2014.08.03"]
[Round "5"]
[White "Dantas, Francisco"]
[Black "Dantas, Rhuan de Araujo"]
[Result "1-0"]
[WhiteElo "1996"]
[BlackElo "1646"]
[PlyCount "96"]
[EventDate "2014.08.01"]
[EventType "swiss"]
[EventRounds "6"]
[EventCountry "BRA"]
[SourceTitle "CBM 161 Extra"]
[Source "ChessBase"]
[SourceDate "2014.08.29"]
[SourceVersion "1"]
[SourceVersionDate "2014.08.29"]
[SourceQuality "1"]

1. Nf3 d5 2. d4 Nf6 3. c4 e6 4. Nc3 c5 5. cxd5 exd5 6. Bg5 Be6 7. e3 c4 8. Be2 Be7 9. 0-0 h6 10. Bxf6 Bxf6 11. e4 0-0 12. exd5 Bxd5 13. Qa4 Nc6 14. Nxd5 Qxd5 15. Bxc4 Qf5 16. Rad1 a6 17. Bd3 Qg4 18. Bb1 Ne5 19. Nxe5 Bxe5 20. Qc2 Bxh2+ 21. Kxh2 g6 22. Rfe1 h5 23. Qe4 Qg5 24. Kg1 h4 25. Qe3 Qg4 26. Qh3 Qh5 27. Qf3 Qb5 28. b3 Rae8 29. Rxe8 Rxe8 30. Bd3 Qb4 31. Bc4 Re7 32. Qf6 b5 33. Qxg6+ Kf8 34. Qh6+ Ke8 35. Bf1 Re6 36. Qh8+ Kd7 37. Qxh4 Qd6 38. g3 Rh6 39. Qg4+ Kc6 40. Bg2+ Kb6 41. Qf3 Rf6 42. Qd3 Re6 43. a4 bxa4 44. bxa4 Qe7 45. d5 Re1+ 46. Rxe1 Qxe1+ 47. Bf1 Qe8 48. Qxa6+ Kc5 1-0

[Event "Joao Pessoa-ch"]
[Site "Joao Pessoa"]
[Date "2014.08.03"]
[Round "6"]
[White "Dantas, Rhuan de Araujo"]
[Black "Lucena, Helianto dos Santos"]
[Result "1-0"]
[WhiteElo "1646"]
[BlackElo "1873"]
[PlyCount "67"]
[EventDate "2014.08.01"]
[EventType "swiss"]
[EventRounds "6"]
[EventCountry "BRA"]
[SourceTitle "CBM 161 Extra"]
[Source "ChessBase"]
[SourceDate "2014.08.29"]
[SourceVersion "1"]
[SourceVersionDate "2014.08.29"]
[SourceQuality "1"]

1. e4 g6 2. d4 Bg7 3. Nf3 d6 4. h3 Nf6 5. Nc3 0-0 6. Be3 e5 7. d5 c6 8. Qd2 cxd5 9. exd5 Qa5 10. Bc4 a6 11. 0-0 b5 12. Bb3 Bd7 13. Ne4 Qxd2 14. Nfxd2 Ne8 15. Nf3 Bf5 16. Ng3 Bc8 17. a4 bxa4 18. Bxa4 Bd7 19. Bb3 Nf6 20. Nd2 Bc8 21. Nge4 Ne8 22. Nc4 Bf5 23. Ncxd6 Nxd6 24. Nxd6 e4 25. Nxf5 gxf5 26. c3 Nd7 27. Bc4 Rfb8 28. Ra2 a5 29. Bf4 Be5 30. Bxe5 Nxe5 31. Be2 f4 32. Rfa1 f3 33. gxf3 exf3 34. Bf1 1-0

[Event "Joao Pessoa-ch"]
[Site "Joao Pessoa"]
[Date "2014.08.01"]
[Round "1"]
[White "Rocha, Vitor Firmo de Souz"]
[Black "Dantas, Rhuan de Araujo"]
[Result "1/2-1/2"]
[WhiteElo "2021"]
[BlackElo "1646"]
[PlyCount "80"]
[EventDate "2014.08.01"]
[EventType "swiss"]
[EventRounds "6"]
[EventCountry "BRA"]
[SourceTitle "CBM 161 Extra"]
[Source "ChessBase"]
[SourceDate "2014.08.29"]
[SourceVersion "1"]
[SourceVersionDate "2014.08.29"]
[SourceQuality "1"]

1. e4 e5 2. Nf3 Nc6 3. Bb5 a6 4. Ba4 Nf6 5. 0-0 d6 6. Re1 Be7 7. c3 b5 8. Bb3 Na5 9. Bc2 c5 10. d4 Qc7 11. d5 Bg4 12. h3 Bh5 13. Nbd2 c4 14. Nf1 Nd7 15. Ng3 Bg6 16. h4 h6 17. h5 Bh7 18. Nh2 Nf6 19. Qf3 Nb7 20. Nf5 Bxf5 21. Qxf5 Nc5 22. Re3 Qd7 23. Qf3 Bd8 24. Qe2 Nh7 25. Rg3 Ng5 26. Nf3 Nxf3+ 27. Qxf3 Bf6 28. Be3 Qc7 29. Qf5 a5 30. Rd1 a4 31. a3 Nb3 32. Bxb3 axb3 33. Bd2 Qd7 34. Qxd7+ Kxd7 35. Rg4 Rhg8 36. Be3 g5 37. g3 Be7 38. Kh2 Raf8 39. f4 f6 40. Kg2 Kc8 1/2-1/2

[Event "Natal Potiguar IRT op"]
[Site "Natal"]
[Date "2014.03.29"]
[Round "2"]
[White "Camara Dantas, Gabriel Diniz"]
[Black "Dantas, Rhuan de Araujo"]
[Result "0-1"]
[WhiteElo "1651"]
[BlackElo "1651"]
[PlyCount "102"]
[EventDate "2014.03.28"]
[EventType "swiss"]
[EventRounds "5"]
[EventCountry "BRA"]
[SourceTitle "CBM 159 Extra"]
[Source "ChessBase"]
[SourceDate "2014.04.24"]
[SourceVersion "1"]
[SourceVersionDate "2014.04.24"]
[SourceQuality "1"]

1. d4 d5 2. e3 Nf6 3. Nf3 c5 4. c4 Bg4 5. Qb3 Qb6 6. Qxb6 axb6 7. Ne5 Bf5 8. cxd5 Nxd5 9. Bb5+ Nd7 10. Bxd7+ Bxd7 11. Nxd7 Kxd7 12. Bd2 e6 13. Nc3 Be7 14. Nxd5 exd5 15. Ke2 Bf6 16. Bc3 Rhe8 17. Kd2 c4 18. b3 b5 19. g4 Be7 20. Kc2 b4 21. Be1 c3 22. f3 Ra6 23. Bg3 Rea8 24. Kb1 Re6 25. Re1 Bf6 26. Kc2 Bg5 27. Kd3 Rea6 28. Re2 Ra3 29. h4 Be7 30. Kc2 Rxa2+ 31. Rxa2 Rxa2+ 32. Kd1 Rxe2 33. Kxe2 Bd6 34. Bf2 h6 35. Kd3 Ke6 36. Ke2 f5 37. g5 hxg5 38. hxg5 f4 39. exf4 Bxf4 40. Bh4 g6 41. Kd3 Kf5 42. Bf2 Bxg5 43. Bg3 Bf4 44. Bh4 g5 45. Bf2 g4 46. fxg4+ Kxg4 47. Be1 Bg5 48. Bxc3 bxc3 49. Kxc3 Kf4 50. Kb4 Ke4 51. Kc3 Bf6 0-1

[Event "Joao Pessoa op 5th"]
[Site "Joao Pessoa"]
[Date "2014.03.14"]
[Round "2"]
[White "Camara, Jose Arruda"]
[Black "Dantas, Rhuan de Araujo"]
[Result "1/2-1/2"]
[WhiteElo "1924"]
[BlackElo "1651"]
[PlyCount "69"]
[EventDate "2014.03.14"]
[EventType "swiss"]
[EventRounds "6"]
[EventCountry "BRA"]
[SourceTitle "CBM 159 Extra"]
[Source "ChessBase"]
[SourceDate "2014.04.24"]
[SourceVersion "1"]
[SourceVersionDate "2014.04.24"]
[SourceQuality "1"]

1. e4 e5 2. Nf3 Nc6 3. Bc4 Be7 4. 0-0 Nf6 5. d4 exd4 6. e5 Ng4 7. Re1 d5 8. exd6 Qxd6 9. h3 Nf6 10. Bb5 0-0 11. Bxc6 bxc6 12. Qxd4 Nd5 13. a3 Bf6 14. Qd1 Ba6 15. Nbd2 Nb6 16. Ne4 Qxd1 17. Nxf6+ gxf6 18. Rxd1 Be2 19. Re1 Bxf3 20. gxf3 Rfe8 21. Bf4 Nd5 22. Bg3 f5 23. Be5 Re6 24. Bd4 a6 25. Re5 Rxe5 26. Bxe5 Re8 27. Bd4 Re2 28. c4 Nf4 29. Kf1 Rc2 30. b3 Kf8 31. Bf6 Ke8 32. Rd1 Ne6 33. Ke1 a5 34. Rd2 Rc1+ 35. Ke2 1/2-1/2

[Event "Joao Pessoa op 08"]
[Site "Joao Pessoa"]
[Date "2013.08.03"]
[Round "3"]
[White "Dantas, Rhuan de Araujo"]
[Black "Cunha, Rafael Fernandes"]
[Result "0-1"]
[WhiteElo "1628"]
[BlackElo "1921"]
[PlyCount "46"]
[EventDate "2013.08.02"]
[EventType "swiss"]
[EventRounds "6"]
[EventCountry "BRA"]
[SourceTitle "CBM 155 Extra"]
[Source "ChessBase"]
[SourceDate "2013.08.26"]
[SourceVersion "1"]
[SourceVersionDate "2013.08.26"]
[SourceQuality "1"]

1. e4 c6 2. d4 d5 3. Nd2 dxe4 4. Nxe4 Bf5 5. Ng3 Bg6 6. h4 h6 7. h5 Bh7 8. Bd3 Bxd3 9. Qxd3 e6 10. Nf3 Nf6 11. Ne5 Nbd7 12. Bf4 Bb4+ 13. c3 Be7 14. 0-0 Nd5 15. Bd2 Qc7 16. f4 N7f6 17. f5 Nd7 18. Nxf7 Nc5 19. dxc5 Bxc5+ 20. Kh2 Qxf7 21. fxe6 Qe7 22. Qg6+ Kd8 23. Rf7 Qh4# 0-1

[Event "Joao Pessoa op 08"]
[Site "Joao Pessoa"]
[Date "2013.08.02"]
[Round "2"]
[White "Azevedo, Eduardo Jose E"]
[Black "Dantas, Rhuan de Araujo"]
[Result "0-1"]
[WhiteElo "1851"]
[BlackElo "1628"]
[PlyCount "100"]
[EventDate "2013.08.02"]
[EventType "swiss"]
[EventRounds "6"]
[EventCountry "BRA"]
[SourceTitle "CBM 155 Extra"]
[Source "ChessBase"]
[SourceDate "2013.08.26"]
[SourceVersion "1"]
[SourceVersionDate "2013.08.26"]
[SourceQuality "1"]

1. d4 Nf6 2. Nc3 d5 3. Bg5 Nbd7 4. f3 h6 5. Bh4 e6 6. e4 Be7 7. e5 Nh7 8. Bxe7 Qxe7 9. f4 Nb6 10. Nf3 a6 11. Bd3 Bd7 12. Qe2 c5 13. 0-0-0 c4 14. Bxh7 Rxh7 15. g3 Na4 16. Qd2 Nxc3 17. Qxc3 a5 18. Qa3 Qxa3 19. bxa3 b5 20. Kb2 Ke7 21. c3 Rhh8 22. Ka1 Rhb8 23. Rb1 Rb6 24. Rb2 Rab8 25. Rhb1 f6 26. Ne1 Be8 27. Nc2 Bg6 28. Rc1 b4 29. axb4 Bxc2 30. Rcxc2 axb4 31. Rxb4 Rxb4 32. cxb4 Rxb4 33. Rc3 Ra4 34. a3 f5 35. Ka2 Kd7 36. Rc1 Kc7 37. Rc3 g5 38. Kb2 g4 39. Ka2 h5 40. Kb2 Ra8 41. Ka2 Rh8 42. a4 h4 43. Ka3 hxg3 44. hxg3 Rh1 45. Kb4 Rb1+ 46. Ka3 Kb6 47. Rc2 Ka5 48. Ka2 Rb4 49. Rh2 Kxa4 50. Rc2 Rb3 0-1

[Event "Cuiaba op"]
[Site "Cuiaba"]
[Date "2013.05.29"]
[Round "5"]
[White "Dantas, Rhuan de Araujo"]
[Black "Ramos, Erick Alexandre"]
[Result "1/2-1/2"]
[WhiteElo "1610"]
[BlackElo "1791"]
[PlyCount "103"]
[EventDate "2013.05.27"]
[EventType "swiss"]
[EventRounds "7"]
[EventCountry "BRA"]
[SourceTitle "CBM 154 Extra"]
[Source "ChessBase"]
[SourceDate "2013.06.25"]
[SourceVersion "2"]
[SourceVersionDate "2013.06.25"]
[SourceQuality "1"]

1. e4 c6 2. d4 d5 3. Nc3 dxe4 4. Nxe4 Bf5 5. Ng3 Bg6 6. Nf3 e6 7. h4 h6 8. h5 Bh7 9. Bd3 Bxd3 10. Qxd3 Nf6 11. Ne5 Qc7 12. Bf4 Bd6 13. 0-0 Nd5 14. Bd2 Bxe5 15. dxe5 Qxe5 16. c4 Nf6 17. Bc3 Qc7 18. Qf3 Qe7 19. Nf5 exf5 20. Rfe1 Ne4 21. Qxf5 0-0 22. Rxe4 Qc7 23. Rg4 f6 24. Bxf6 Rf7 25. Qe6 Kf8 26. Be5 Qd7 27. Bd6+ Kg8 28. Re1 Qxe6 29. Rxe6 Nd7 30. Rxh6 Nf6 31. Rg3 Ne4 32. Rhg6 Nxg3 33. Rxg3 Kh7 34. Re3 Rd8 35. c5 b6 36. b4 bxc5 37. Bxc5 Rd1+ 38. Kh2 Rd5 39. Rh3 a5 40. a3 axb4 41. axb4 Rff5 42. g4 Rf4 43. g5 Rff5 44. g6+ Kg8 45. h6 gxh6 46. Rxh6 Rh5+ 47. Rxh5 Rxh5+ 48. Kg3 Rg5+ 49. Kf4 Rxg6 50. Ke5 Kf7 51. f4 Re6+ 52. Kf5 1/2-1/2

[Event "Cuiaba op"]
[Site "Cuiaba"]
[Date "2013.05.29"]
[Round "6"]
[White "Ferreira, Rodrigo Maycon Mira"]
[Black "Dantas, Rhuan de Araujo"]
[Result "1-0"]
[WhiteElo "1857"]
[BlackElo "1610"]
[PlyCount "55"]
[EventDate "2013.05.27"]
[EventType "swiss"]
[EventRounds "7"]
[EventCountry "BRA"]
[SourceTitle "CBM 154 Extra"]
[Source "ChessBase"]
[SourceDate "2013.06.25"]
[SourceVersion "2"]
[SourceVersionDate "2013.06.25"]
[SourceQuality "1"]

1. a3 d5 2. Nf3 Nf6 3. c4 e6 4. e3 g6 5. Nc3 Bg7 6. d4 0-0 7. c5 Nc6 8. Bb5 Bd7 9. h3 a6 10. Ba4 Na7 11. Bxd7 Nxd7 12. b4 b5 13. cxb6 cxb6 14. Bb2 b5 15. 0-0 Nb6 16. Re1 Nc4 17. Rb1 Rc8 18. Ne2 Nc6 19. Nf4 Qc7 20. h4 h5 21. Ng5 Rfe8 22. g4 hxg4 23. Qxg4 Qd8 24. h5 Bh6 25. Nxf7 Qf6 26. Nxh6+ Kg7 27. hxg6 Rh8 28. Nh5+ 1-0

[Event "Cuiaba op"]
[Site "Cuiaba"]
[Date "2013.05.27"]
[Round "2"]
[White "Buzatto, Joao Lucas"]
[Black "Dantas, Rhuan de Araujo"]
[Result "0-1"]
[WhiteElo "1735"]
[BlackElo "1610"]
[PlyCount "84"]
[EventDate "2013.05.27"]
[EventType "swiss"]
[EventRounds "7"]
[EventCountry "BRA"]
[SourceTitle "CBM 154 Extra"]
[Source "ChessBase"]
[SourceDate "2013.06.25"]
[SourceVersion "2"]
[SourceVersionDate "2013.06.25"]
[SourceQuality "1"]

1. Nf3 d5 2. d4 Nf6 3. c4 dxc4 4. Nc3 Bg4 5. e3 e6 6. h3 Bf5 7. Bxc4 Bb4 8. Qb3 Bxc3+ 9. bxc3 b6 10. 0-0 Nbd7 11. Ba3 c5 12. Rad1 Qc7 13. Bb5 0-0 14. Rfe1 Rfd8 15. Bxd7 Nxd7 16. e4 Bg6 17. Nh4 Qf4 18. Nxg6 hxg6 19. dxc5 Nxc5 20. Rxd8+ Rxd8 21. Bxc5 bxc5 22. Qa3 Rd2 23. Qxc5 Rxa2 24. Qe3 Qc7 25. Rc1 a5 26. Qd4 Qf4 27. Rf1 a4 28. g3 Qf3 29. Qd8+ Kh7 30. Qh4+ Qh5 31. Qxh5+ gxh5 32. Rb1 a3 33. Rb3 Ra1+ 34. Kg2 a2 35. Ra3 Kg6 36. f4 Kf6 37. Ra7 e5 38. f5 g6 39. g4 Kg5 40. fxg6 fxg6 41. Ra4 Kf4 42. Kf2 Rh1 0-1

[Event "Monte Alegre Potiguar-ch"]
[Site "Monte Alegre"]
[Date "2013.05.26"]
[Round "4"]
[White "Andrade, Laercio de Oliveira"]
[Black "Dantas, Rhuan de Araujo"]
[Result "0-1"]
[WhiteElo "1800"]
[BlackElo "1610"]
[PlyCount "48"]
[EventDate "2013.05.25"]
[EventType "swiss"]
[EventRounds "5"]
[EventCountry "BRA"]
[SourceTitle "EXT 2015"]
[Source "ChessBase"]
[SourceDate "2014.11.20"]
[SourceVersion "1"]
[SourceVersionDate "2014.11.20"]
[SourceQuality "1"]

1. g3 d5 2. d4 Nf6 3. Bg2 e6 4. Nf3 c5 5. e3 cxd4 6. exd4 Be7 7. 0-0 0-0 8. c3 Nc6 9. h3 Qb6 10. Qc2 Bd7 11. Be3 Rac8 12. a3 Na5 13. Nbd2 Bb5 14. Rfe1 Nc4 15. Nxc4 Bxc4 16. Ne5 Bb3 17. Qd2 Rfd8 18. f4 Ne4 19. Qe2 Nxg3 20. Qg4 Nf5 21. Nf3 Bc2 22. Ng5 h6 23. Nf3 Qxb2 24. Bd2 Be4 0-1

[Event "Monte Alegre Potiguar-ch"]
[Site "Monte Alegre"]
[Date "2013.05.25"]
[Round "1"]
[White "Dantas, Rhuan de Araujo"]
[Black "Xavier, Lucca Lucas"]
[Result "0-1"]
[WhiteElo "1610"]
[BlackElo "1988"]
[PlyCount "52"]
[EventDate "2013.05.25"]
[EventType "swiss"]
[EventRounds "5"]
[EventCountry "BRA"]
[SourceTitle "EXT 2015"]
[Source "ChessBase"]
[SourceDate "2014.11.20"]
[SourceVersion "1"]
[SourceVersionDate "2014.11.20"]
[SourceQuality "1"]

1. e4 e5 2. Nf3 Nc6 3. Bb5 a6 4. Bxc6 dxc6 5. 0-0 Qf6 6. d4 exd4 7. Nxd4 Ne7 8. f4 Bg4 9. e5 Qg6 10. Nf3 Nf5 11. Qd3 Bc5+ 12. Kh1 Rd8 13. Qc4 Bxf3 14. gxf3 Nh4 15. Qe2 Nf5 16. c3 Qh6 17. Qg2 0-0 18. Qg5 Qh3 19. Qg2 Qxg2+ 20. Kxg2 Rd3 21. Re1 Rfd8 22. b4 Rd1 23. Kf1 Be3 24. Bxe3 Nxe3+ 25. Ke2 Rxe1+ 26. Kxe1 Nc2+ 0-1

[Event "Joao Pessoa op 4th"]
[Site "Joao Pessoa"]
[Date "2013.03.16"]
[Round "4"]
[White "Costa, Barbara Paiva"]
[Black "Dantas, Rhuan de Araujo"]
[Result "0-1"]
[WhiteElo "1800"]
[BlackElo "1768"]
[PlyCount "54"]
[EventDate "2013.03.15"]
[EventType "swiss"]
[EventRounds "6"]
[EventCountry "BRA"]
[SourceTitle "CBM 153 Extra"]
[Source "ChessBase"]
[SourceDate "2013.04.22"]
[SourceVersion "1"]
[SourceVersionDate "2013.04.22"]
[SourceQuality "1"]

1. d4 Nf6 2. e3 g6 3. Bd3 Bg7 4. e4 d6 5. Nc3 Nbd7 6. Nf3 0-0 7. 0-0 e5 8. d5 Nc5 9. Bg5 h6 10. Bxf6 Bxf6 11. b4 Nxd3 12. cxd3 Bg7 13. Re1 f5 14. Qb3 fxe4 15. dxe4 Bg4 16. Nb5 a6 17. Na3 Bxf3 18. gxf3 Qg5+ 19. Kf1 Qh5 20. Rac1 Rxf3 21. Re3 Raf8 22. Rxc7 Rxf2+ 23. Ke1 Qxh2 24. Kd1 Rd2+ 25. Kc1 Rf1+ 26. Re1 Rxe1+ 27. Qd1 Rexd1# 0-1

[Event "Joao Pessoa op 4th"]
[Site "Joao Pessoa"]
[Date "2013.03.15"]
[Round "2"]
[White "Barbosa, Cidclei de Oliveira"]
[Black "Dantas, Rhuan de Araujo"]
[Result "1-0"]
[WhiteElo "1815"]
[BlackElo "1768"]
[PlyCount "83"]
[EventDate "2013.03.15"]
[EventType "swiss"]
[EventRounds "6"]
[EventCountry "BRA"]
[SourceTitle "CBM 153 Extra"]
[Source "ChessBase"]
[SourceDate "2013.04.22"]
[SourceVersion "1"]
[SourceVersionDate "2013.04.22"]
[SourceQuality "1"]

1. e4 e5 2. Nf3 Nc6 3. Bb5 a6 4. Ba4 Nf6 5. 0-0 Bc5 6. Nxe5 Bxf2+ 7. Rxf2 Nxe5 8. Qe2 0-0 9. d4 Ng6 10. Bg5 h6 11. Bxf6 gxf6 12. Nc3 c6 13. Raf1 Qb6 14. Qd3 d6 15. Bb3 Be6 16. Rxf6 Bxb3 17. axb3 Qc7 18. Qc4 Kg7 19. Nd5 Qa5 20. Ne3 d5 21. exd5 cxd5 22. Qxd5 Qxd5 23. Nxd5 Rad8 24. c4 Nh8 25. R1f3 Rfe8 26. Rb6 Re4 27. Rd3 Re2 28. Rxb7 Rxb2 29. Nf4 Re8 30. Rd1 Re4 31. Nd3 Ra2 32. d5 Rd4 33. Re7 Ng6 34. Ree1 Nh4 35. Nf2 Rf4 36. Nh3 Rxg2+ 37. Kh1 Rf3 38. Rg1 Rxh3 39. Rxg2+ Nxg2 40. Kxg2 Rxb3 41. d6 Kf6 42. d7 1-0